|
|
|
|
| LEADER |
01238cam a2200277 7i4500 |
| 001 |
0000073037 |
| 005 |
20221202090000.0 |
| 020 |
|
|
|a 9781003285991 (electronic book)
|
| 090 |
0 |
0 |
|a LC3993.9
|b .H842 2022
|
| 245 |
0 |
0 |
|a Handbook on assessments for gifted learners :
|b identification, learning progress, and evaluation
|c edited by Susan K. Johnsen and Joyce VanTassel-Baska.
|
| 264 |
|
|
|a New York ; London:
|b Routledge, Taylor & Francis Group,
|c 2022.
|
| 300 |
|
|
|a 1 online resource (viii, 339 pages):
|b text file, PDF.
|
| 336 |
|
|
|a text
|2 rdacontent
|
| 337 |
|
|
|a computer
|2 rdamedia
|
| 338 |
|
|
|a online resource
|2 rdacarrier
|
| 650 |
|
0 |
|a Gifted children --
|x Education --
|x Evaluation --
|z United States
|
| 650 |
|
0 |
|a Educational tests and measurements --
|z United States
|
| 650 |
|
0 |
|a Ability --
|x Testing
|
| 650 |
|
0 |
|a Gifted children --
|x Identification --
|z United States
|
| 655 |
|
0 |
|a Electronic books
|
| 700 |
1 |
|
|a Johnsen, Susan K.
|
| 700 |
1 |
|
|a VanTassel-Baska, Joyce
|
| 856 |
4 |
2 |
|u http://library.unisel.edu.my/web/guest/mylibrary
|
| 997 |
|
|
|a Education & Social Sciences, Faculty
|b Early Chilhood Studies, Department
|
| 998 |
|
|
|a Early Childhood Education, Degree
|
| 999 |
|
|
|a EBO0016342
|b EBOOK
|c EBOOK
|e Electronic resources
|